| 000 | 00000nam##2200000za#4500 |
| 001 | 9.572371 |
| 003 | CaOODSP |
| 005 | 20210929082754 |
| 007 | cr ||||||||||| |
| 008 | 150406|1999||||xxc|||||o f|0| 0 eng|d |
| 040 | |aCaOODSP|beng |
| 043 | |an-cn--- |
| 086 | 1 |aFo29-47/18-1999E-PDF |
| 110 | 1 |aCanada. |bNatural Resources Canada. |bCanadian Forest Service. |
| 245 | 10|aDNA testing : |h[electronic resource]|ban application to Armillaria root disease / |c[by] E. White and D. Morrison. |
| 260 | |aVictoria - British Columbia : |bNatural Resources Canada. |cApril 1999. |
| 300 | |a4p.|bfig., photographs |
| 490 | 1 |aTechnology transfer note|vNo. 18 |
| 500 | |aThe catalogue number (Fo29-47/18-1999E) and ISBN (0-662-27872-0) for the print edition have been incorrectly copied in this electronic publication. |
| 504 | |aBibliography. |
| 590 | |a11-30-Supp|b2011-12-02 |
| 690 | 07|aPlant diseases|2gcpds |
| 720 | 1 |aWhite, E. |
| 720 | 1 |aMorrison, D. |
| 776 | 0#|tDNA testing : |w(CaOODSP)9.614835 |
| 830 | #0|aTechnology transfer note ;|vNo. 18|w(CaOODSP)9.504768 |
| 856 | 40|ahttp://publications.gc.ca|qPDF|s146 KB|uhttps://publications.gc.ca/collections/Collection/Fo29-47-18-1999E.pdf|yNo. 18 |